Представление документа в формате RUSMARC

ПолеНазваниеЗначение
  Тип записи a
  Библиографический уровень m
001 Контрольный номер RU/ГПНТБ России/IBIS/84(2=411.2)6-44/К 31-947388234
005 Дата корректировки 20260611094943.6
010 Индекс ISBN __
a ISBN 978-5-6053871-0-7
b Уточнения в пер.
9 Тираж 2000
100 Данные общей обработки __
a Данные общей обработки 20260611d2026 de y0rusy0250 ca
101 Язык документа 0_
a Язык текста rus
102 Страна публикации __
a Страна публикации RU
105 Кодированные данные (монография) __
a Кодированные данные (монография) a z 000ay
181 Поле кодированных данных: вид содержания _0
a Код вида содержания (ISBD) i
182 Поле кодированных данных: тип средства _0
a Код типа средства (ISBD) n
200 Заглавие и сведения об ответственности 1_
a Заглавие Человек-гора. Невероятный путь Петра Семенова на Тянь-Шань
e Сведения, относящиеся к заглавию [для среднего и старшего школьного возраста]
f Первые сведения об ответственности Алёна Кашура
g Последующие сведения об ответственности рисунки Юлии Биленко
203 Вид содержания и тип средства __
c Тип средства непосредственный
a Вид содержания Текст
210 Выходные данные 1_
a Место издания Москва
c Издательство Абрикобукс
c Издательство Абрикос
d Дата издания 2026
215 Физическое описание __
a Объем 245, [1] с.
c Иллюстрации/тип воспроизводства рис.
d Формат 27 см
333 Примечание о целевом назначении __
a Примечание о целевом назначении информационная продукция для детей, достигших возраста двенадцати лет
333 Примечание о целевом назначении __
a Примечание о целевом назначении для детей среднего возраста, 9-14 лет
333 Примечание о целевом назначении __
a Примечание о целевом назначении для юношества, возраст 14-20 лет
517 Другие варианты заглавия 1_
a Другие варианты заглавия Невероятный путь Петра Семенова на Тянь-Шань
517 Другие варианты заглавия 1_
a Другие варианты заглавия Невероятный путь Петра Семёнова на Тянь-Шань
686 Индексы других классификаций __
2 Код системы rubbk
a Классификационный индекс 84(2=411.2)6-44
700 Автор _1
a Фамилия Кашура
b Имя А.
g Полное личное имя Алена
f Даты 1985-
4 Код отношения 070
702 Вторичная интеллектуальная ответственность _1
a Фамилия Биленко
b Имя Ю. С.
g Полное личное имя Юлия
4 Код отношения 440
801 Источник записи _0
8 ARU
8 BРГДБ
8 C20251222
801 Источник записи _1
8 ARU
8 BРГДБ
8 C20251222
801 Источник записи _2
8 ARU
8 BРГДБ
8 C20260129
2 Код формата rusmarc
801 Источник записи _0
b Организация ГПНТБ России
a Страна RU
c Дата составления 20260611
801 Источник записи _1
b Организация ГПНТБ России
a Страна RU
c Дата составления 20260611
852 Данные о местонахождении 5_
a Наименование организации ГПНТБ России
m Суффикс шифра хранения 111106111
b Сигла хранения ЦГБ
p Инвентарный номер RU
899 Данные о местонахождении __
a Местонахождение ГПНТБ России
p Штрих-код 111106111
b Место хранения ЦГБ
h Классификационная часть РШ 84(2=411.2)6-44
i Авторский знак К 31
901 Тип документа __
a Ответственный заим.